000 00263nam a2200097Ia 4500
001 797470
005 20250826170808.0
008 250824s9999 xx 000 0 und d
245 0 _aBÖYLE ŞEYLER FİLMLERDE OLUR
_cİSMAİL KILIÇARSLAN
260 _bKETEBE YAYINLARI
999 _c797470
_d797470